LIBRARY & INFORMATION CENTRE, KCAET, TAVANUR

ONLINE PUBLIC ACCESS CATALOGUE (OPAC)

Design of Steel Structures (Record no. 14525)

MARC details
000 -LEADER
fixed length control field 00288nam a22001217a 4500
020 ## - INTERNATIONAL STANDARD BOOK NUMBER
ISBN 9788131508749
082 ## - DEWEY DECIMAL CLASSIFICATION NUMBER
Classification number 624.1821
Item number SEG/DE
100 ## - MAIN ENTRY--AUTHOR NAME
Personal name Segui,William T.
245 ## - TITLE STATEMENT
Title Design of Steel Structures
260 ## - PUBLICATION, DISTRIBUTION, ETC. (IMPRINT)
Place of publication New Delhi
Name of publisher Cengage Learning
Year of publication 2007
300 ## - PHYSICAL DESCRIPTION
Number of Pages 590
942 ## - ADDED ENTRY ELEMENTS (KOHA)
Koha item type Books
Holdings
Withdrawn status Lost status Damaged status Collection code Home library Current library Shelving location Date acquired Source of acquisition Cost, normal purchase price Full call number Accession Number Koha item type
        KAUAET KAUAET General Stacks 14/07/2016 Arunima Book Distributors,TVPM 450.00 624.1821 SEG/DE 24811 Books
free website counter